000 006140000a22001810004500
090 _aAR
_b00431
245 1 0 _aEcology of cryptic coral reef communites. I. Distribution and abundance of major groups of encrusting organisms
650 1 4 _aEcosistemas coralinos
_993375
650 1 4 _aRiqueza de especies
_93326
650 1 4 _aDistribución
_992865
650 1 4 _aBiología marina
_933601
651 4 _lRío Bueno
_pJamaica
_992749
041 0 _aInglés
700 1 _aWinston, J. E.
_993393
100 1 _aJackson, Jeremy B.C.
_93688
942 _cARTICULO
773 1 _tJournal Exp. Mar. Biol. Ecol.
_3173
_h57
_q135-147
_d1982
999 _c9527
_d9527